汪星人出任務 : 酒酒用白眼征服人類的生存日記
| 資料類型: | 圖書 | 書目號: | 50951 |
Leader xxxxxxxxxx 001 __ 102451/3/01 005 __ 20170410105847.309 010 0_ |a4710415385703|b平裝|d新臺幣480元 042 __ |anbic 100 __ |a20170410d2017 m y0chiy50 b 101 0_ |achi 102 __ |atw 105 __ |aa z 000cy 200 1_ |a汪星人出任務|e酒酒用白眼征服人類的生存日記|f林金發著 205 __ |a初版 210 __ |a臺北市|c三采文化|d2017[民106] 215 0_ |a145,[4]面|c彩圖|d21公分 225 12 |a風格圖文|v38 517 1_ |a酒酒用白眼征服人類的生存日記|zchi 700 _1 |a林|b金發|4著 681 __ |a855|b8767 801 _0 |atw|bLibDipper|c20170410|gCCR |